| 000 | 00809nam a2200229 a 4500 | ||
|---|---|---|---|
| 999 |
_c5308 _d5308 |
||
| 001 | 5308 | ||
| 003 | BD-JhCC | ||
| 005 | 20171213174700.0 | ||
| 008 | 171128s1998 bg |||| ||b| 000 0 ben d | ||
| 020 | _a984073985 | ||
| 035 | _a(BD-JhCC)5308 | ||
| 040 |
_aBD-JhCC _dBD-JhCC |
||
| 041 | _aben | ||
| 082 |
_a491.443 _bBAN 1998 |
||
| 245 |
_aবাংলা একাডেমী সমকালীন বাংলা ভাষার অভিধান : _b(ব্যঞ্জনবর্ণ অংশ : ক থেকে ঞ) / _cআবু ইসহাক (সংকলিত) |
||
| 260 |
_aঢাকা : _bবাংলা একাডেমী, _c1998. |
||
| 300 |
_a p. : _c22 cm. |
||
| 650 |
_aBengali Language _xDictionary |
||
| 700 | _aইসহাক, আবু | ||
| 942 |
_2ddc _cBK |
||